Türk ceza yasasındaki ve özel yasalardaki ağır ceza davaları (Record no. 5530)

MARC details
000 -BAŞLIK
Sabit Uzunlukta Kontrol Alanı 00693na a2200229 4500
001 - KONTROL NUMARASI
Denetim Alanı 18571
003 - KONTROL NUMARASI IDENTIFIER
Denetim Alanı MIRAKIL
005 - SON İŞLEM TARİHİ VE ZAMANI
Denetim Alanı 20181213155039.0
008 - SABİT-BOY VERİ ELEMANLARI - GENEL BİLGİLER
Sabit Uzunlukta Kontrol Alanı 161122b tu 000 0
040 ## - KATALOGLAMA KAYNAK
Orijinal Kataloglama Ajansı Milas
Kataloglama Dili tur
Metne Dönüştürmek Ajansı TR-AnCHP
041 ## - DİL KODU
Metin / Ses Parça Veya Ayrı Başlığın Dil Kodu tur
082 ## - DEWEY ONLU SINIFLANDIRMA NUMARASI
Sınıflandırma Numarası 345.0264
Ürün Numarası D35t 1998
090 ## - SINIFLAMA NUMARASI
Sınıflama Numarası 345.0264 D35t 1998
100 ## - ANA GİRİŞ - KİŞİSEL İSİM
Kişisel Ad Demirer, Gürtan
245 ## - BAŞLIK TABLOSU
Başlık Türk ceza yasasındaki ve özel yasalardaki ağır ceza davaları
Sorumluluk Tablosu, Vb Gürtan Demirer
260 ## - YAYIN, DAĞITIM, VB
Yayın, Dağıtım, Vb Yeri İskenderun
Yayıncı, Dağıtıcı, Vs Adı [yayl.y.]
Yayın, Dağıtım, Vb Tarihi 1998
Üretici Firma Görüntü Gazetecilik
300 ## - FİZİKSEL TANIM
Kapsam 120 s.
Boyutlar 24 sm.
500 ## - GENEL NOT
Genel Not Yapıt yazarından imzalıdır.
650 ## - KONU KATMA GİRİŞ - TOPİKAL DÖNEM
Topikal Süreli Veya Coğrafi Ad Giriş Elemanı Ağır ceza mahkemeleri
Genel Alt Bölümü Davalar
650 ## - KONU KATMA GİRİŞ - TOPİKAL DÖNEM
Topikal Süreli Veya Coğrafi Ad Giriş Elemanı Ceza hukuku
Genel Alt Bölümü Davalar
942 ## - EKLENDİ GİRİŞ ELEMANLARI (KOHA)
Sınıflandırma Veya Raf Düzeni Kaynak Dewey Decimal Classification
Koha Öğesi Türü Books
999 ## - SİSTEM KONTROL NUMARALARI (KOHA)
Koha Biblionumber 5530
Koha Biblioitemnumber 5530
Holdings
Kalıcı Konum Mevcut Konum Edinme Tarihi Edinim Kaynak Toplam Check-Out'Lar Tam Çağrı Numarası Barkod Tarih Son Görülme İtibaren Geçerli Fiyatlar Koha Öğesi Türü
CHP Kütüphanesi CHP Kütüphanesi 11/22/2016 Bağış   345.0264 D35t 1998 008830 11/22/2016 11/22/2016 Books